000 00479nam a2200169 i 4500
001 77085
003 ES-MaACL
005 20230906173100.0
007 t|
008 041006s1972 sp ||||1| spa d
100 1 _aGutiérrez Alonso, Salvador.
_961086
245 1 0 _aVirgen y madre /
_cSalvador Gutiérrez Alonso.
260 _aCádiz :
_b[s.n.],
_c1972 (
_fImp. Rubiales)
300 _a139 p., 5 lám. ;
_c20 cm.
650 0 0 _aMariología.
_914794
852 _aES-MaACL
_jC-44782
999 _c77085
_d77085